[Event "POR-chT3 final"]
[Site "Matosinhos"]
[Date "2012.07.21"]
[Round "1.1"]
[White "Rodrigues, Jose Antonio Pais"]
[Black "Pintor, Antonio Bastos"]
[Result "1-0"]
[WhiteElo "2010"]
[BlackElo "1493"]
[PlyCount "98"]
[EventDate "2012.07.21"]
[EventType "team-k.o."]
[EventRounds "3"]
[EventCountry "POR"]
[SourceTitle "EXT 2015"]
[Source "ChessBase"]
[SourceDate "2014.11.20"]
[SourceVersion "1"]
[SourceVersionDate "2014.11.20"]
[SourceQuality "1"]
[WhiteTeam "Estarreja"]
[BlackTeam "Alfenense"]
[WhiteTeamCountry "POR"]
[BlackTeamCountry "POR"]

1. d4 Nf6 2. Nf3 g6 3. Bf4 Bg7 4. e3 d6 5. Be2 0-0 6. c4 Nbd7 7. Nc3 c5 8. d5 a5 9. 0-0 Ne8 10. Rc1 Ndf6 11. Qd2 e6 12. dxe6 fxe6 13. Rfd1 Ra6 14. e4 Qe7 15. Bg5 Qf7 16. Bh6 Nd7 17. Bxg7 Kxg7 18. Rf1 Qf4 19. Qxf4 Rxf4 20. Ng5 Ne5 21. g3 Rf6 22. f4 Nf7 23. Nxf7 Rxf7 24. Bg4 Rc6 25. e5 Nc7 26. Rcd1 dxe5 27. fxe5 Rxf1+ 28. Kxf1 Na6 29. Nb5 Kf7 30. Bf3 Rb6 31. Rd8 Nb4 32. Rxc8 Nd3 33. Rc7+ Kg8 34. Rxb7 Rxb7 35. Bxb7 Nxe5 36. b3 Nd3 37. Be4 Nb4 38. a3 Na6 39. Nd6 Kf8 40. Nb7 Ke7 41. Nxa5 Kd7 42. Ke2 Kc7 43. Nc6 Kd6 44. b4 cxb4 45. Nxb4 Kc5 46. Nd3+ Kxc4 47. Ke3 Kb5 48. Kd4 Kb6 49. Ke5 Kc7 1-0